Bionanotechnology : lessons from nature

Sparad:
Bibliografiska uppgifter
Huvudupphovsman:  Goodsell, David S
Materialtyp: Sách
Språk:Undetermined
Publicerad:  Wiley-Liss  2004
Ämnen:
Taggar: Lägg till en tagg
Inga taggar, Lägg till första taggen!
Thư viện lưu trữ: Trung tâm Thư viện - Trường Đại học Công nghiệp TP. Hồ Chí Minh
LEADER 00537nam a2200157Ia 4500
001 UIH_07633
008 231011s9999 xx 000 0 und d
082 |a  660.6 
100 |a  Goodsell, David S 
245 0 |a  Bionanotechnology : lessons from nature 
245 0 |c  Goodsell, David S 
260 |b  Wiley-Liss 
260 |c  2004 
650 |a  Biomolecules; Nanotechnology; Biotechnology; Công nghệ sinh học;  
927 |a Sách 
980 |a Trung tâm Thư viện - Trường Đại học Công nghiệp TP. Hồ Chí Minh